000 00413nam a22001697a 4500
003 OSt
005 20260518152903.0
008 260518b |||||||| |||| 00| 0 eng d
020 _a9789355510143
082 _a005.74 SHF
100 _aSHARMA,Manu
245 _aFull Stack Development with MongoDB
250 _a1st Ed Rep
260 _a New Delhi
_bBPB Publication
_c2025
300 _a328p.
942 _2ddc
_cBK
999 _c13968
_d13968